Historia de las artes plásticas / (Record no. 132384)

MARC details
000 -LEADER
campo de control de longitud fija 00671nam a2200193 i 4500
001 - NÚMERO DE CONTROL
campo de control 132384
003 - IDENTIFICADOR DE NÚMERO DE CONTROL
campo de control ES-MaACL
005 - FECHA Y HORA DE LA ÚLTIMA TRANSACCIÓN
campo de control 20250812024132.0
007 - CAMPO FIJO DE DESCRIPCIÓN FÍSICA--INFORMACIÓN GENERAL
campo de control de longitud fija t|
008 - DATOS DE LONGITUD FIJA--INFORMACIÓN GENERAL
campo de control de longitud fija 070214m19451946ag r ||||1| spa d
100 1# - ENTRADA PRINCIPAL--NOMBRE DE PERSONA
Nombre de persona Romero Brest, Jorge.
9 (RLIN) 99358
245 10 - MENCIÓN DEL TÍTULO
Título Historia de las artes plásticas /
Mención de responsabilidad, etc. Jorge Romero Brest.
260 ## - PUBLICACIÓN, DISTRIBUCIÓN, ETC.
Lugar de publicación, distribución, etc. Buenos Aires :
Nombre del editor, distribuidor, etc. Poseidón,
Fecha de publicación, distribución, etc. 1945-1946.
300 ## - DESCRIPCIÓN FÍSICA
Extensión 3 v. :
Otras características físicas il. ;
Dimensiones 21 cm.
505 8# - NOTA DE CONTENIDO CON FORMATO
Nota de contenido con formato Contiene: v. I: Introducción a la Historia de las artes plásticas ---- v. II: La pintura ---- v. III: La arquitectura y la escultura
650 04 - PUNTO DE ACCESO ADICIONAL DE MATERIA--TÉRMINO DE MATERIA
Término de materia o nombre geográfico como elemento de entrada Arte-
Subdivisión de forma Historia
9 (RLIN) 10107
852 ## - LOCALIZACIÓN
Ubicación ES-MaACL
Número de control de estantería P-964
Holdings
Estatus retirado Estado de pérdida Estado de daño No para préstamo Biblioteca de origen Biblioteca actual Ubicación en estantería Fecha de adquisición Fuente de adquisición Total de préstamos Signatura topográfica completa Código de barras Visto por última vez Precio de reemplazo Tipo de ítem Koha
        Biblioteca del Ateneo de Madrid Biblioteca del Ateneo de Madrid Depósito 2 17/01/2008     P-964 1137827 23/02/2023 23/02/2023 Libro impreso